[Event "Europa ch Femenino 2013"]
[Site "Belgrado SER"]
[Date "2013.07.29"]
[Round "7.12"]
[White "Ivakhinova, Inna"]
[Black "Arakhamia-Grant, Ketevan"]
[Result "1-0"]
[WhiteElo "2291"]
[BlackElo "2385"]
[PlyCount "168"]
[EventDate "2013.07.23"]
[EventType "swiss"]
[EventRounds "11"]
[EventCountry "SER"]
[Source "lmi"]
[SourceDate "2013.07.22"]

1. d4 Nf6 2. c4 g6 3. Nc3 Bg7 4. e4 d6 5. Nf3 O-O 6. Be2 e5 7. Be3 Nbd7 8. O-O
c6 9. d5 c5 10. Ne1 Ne8 11. g4 f5 12. exf5 gxf5 13. gxf5 Ndf6 14. Bd3 Kh8 15.
Ng2 e4 16. Nxe4 Nxe4 17. Bxe4 Bxb2 18. Rb1 Be5 19. Qd3 Ng7 20. f4 Bf6 21. Bf2
b6 22. Kh1 Re8 23. Rb3 Bd7 24. Re1 Re7 25. Ne3 Qf8 26. Rbb1 h5 27. Ng2 Rxe4 28.
Rxe4 Bxf5 29. Rg1 Qf7 30. h3 Bxe4 31. Qxe4 Re8 32. Qd3 Bd8 33. Be1 Qf5 34. Qxf5
Nxf5 35. Bc3+ Kh7 36. Re1 Rxe1+ 37. Bxe1 Bf6 38. Kg1 Bd4+ 39. Bf2 Kg6 40. Kf1
Kf6 41. Ke2 Bxf2 42. Kxf2 Nd4 43. a4 Nb3 44. Ne3 Nd2 45. Ke2 Ne4 46. Nd1 Kf5
47. Ke3 h4 48. Nb2 Nc3 49. Kd3 Na2 50. Ke3 Nb4 51. Nd1 Nc2+ 52. Kf3 Nd4+ 53.
Ke3 a6 54. Nc3 Nc2+ 55. Kd3 Ne1+ 56. Ke2 Ng2 57. Kf3 Ne1+ 58. Ke2 Ng2 59. Kf3
Nxf4 60. Ne4 Ke5 61. Nxd6 Nxd5 62. Nc8 Nf4 63. Kg4 Ng2 64. Kf3 Ne1+ 65. Kg4 Kd4
66. Nxb6 Ng2 67. a5 Kc3 68. Kf3 Ne1+ 69. Kg4 Kb4 70. Kxh4 Kxa5 71. Nd5 Ka4 72.
Kg4 Kb3 73. h4 Nd3 74. Kf5 Kxc4 75. Nb6+ Kd4 76. h5 Ne5 77. h6 Nf7 78. h7 c4
79. Nxc4 Kd5 80. Kf6 Nh8 81. Kg7 Ke6 82. Ne5 a5 83. Kxh8 a4 84. Kg8 Kd5 1-0

[Event "Europa ch Femenino 2013"]
[Site "Belgrado SER"]
[Date "2013.07.29"]
[Round "7.32"]
[White "Kursova, Maria"]
[Black "Bronnikova, Elizaveta"]
[Result "0-1"]
[WhiteElo "2351"]
[BlackElo "2245"]
[PlyCount "94"]
[EventDate "2013.07.23"]
[EventType "swiss"]
[EventRounds "11"]
[EventCountry "SER"]
[Source "lmi"]
[SourceDate "2013.07.22"]

1. d4 Nf6 2. Nf3 e6 3. c4 d5 4. Nc3 dxc4 5. e3 c5 6. Bxc4 Nc6 7. O-O Be7 8. Qe2
O-O 9. Rd1 cxd4 10. exd4 Nd5 11. Ne4 b6 12. a3 Bb7 13. Neg5 Na5 14. Bd3 g6 15.
Bc2 Rc8 16. h4 Qc7 17. Ne1 Nf4 18. Bxf4 Qxf4 19. b4 Nc4 20. Nef3 Bxg5 21. hxg5
Bxf3 22. Qxf3 Qxg5 23. Ra2 Rfd8 24. Be4 Nd6 25. Bc6 Qf5 26. b5 Qxf3 27. gxf3
Nf5 28. Rad2 Rd6 29. a4 Rcd8 30. d5 Ne7 31. a5 exd5 32. axb6 axb6 33. Rc1 Nxc6
34. bxc6 Rc8 35. c7 Rd7 36. Rc6 Rcxc7 37. Rxb6 d4 38. Rb3 Rc5 39. Rdd3 Kg7 40.
Rb4 Rcd5 41. Kg2 Kf6 42. f4 Kf5 43. Kf3 h5 44. Ra4 f6 45. Rb4 h4 46. Rb8 Rh7
47. Rb4 h3 0-1

[Event "Europa ch Femenino 2013"]
[Site "Belgrado SER"]
[Date "2013.07.29"]
[Round "7.33"]
[White "Makropoulou, Marina"]
[Black "Gvetadze, Sofio"]
[Result "1/2-1/2"]
[WhiteElo "2220"]
[BlackElo "2341"]
[PlyCount "93"]
[EventDate "2013.07.23"]
[EventType "swiss"]
[EventRounds "11"]
[EventCountry "SER"]
[Source "lmi"]
[SourceDate "2013.07.22"]

1. e4 Nf6 2. e5 Nd5 3. d4 d6 4. c4 Nb6 5. exd6 cxd6 6. Nc3 g6 7. Be3 Bg7 8. Be2
O-O 9. Rc1 Bf5 10. b3 a5 11. Nf3 d5 12. c5 Nc8 13. h3 Nc6 14. Nh4 Be4 15. f3 e5
16. Bf2 exd4 17. Nb5 d3 18. fxe4 dxe4 19. O-O dxe2 20. Qxe2 f5 21. Rfd1 Qe7 22.
g3 Ne5 23. Ng2 Nd3 24. Rc2 Qe5 25. Ne1 Nxf2 26. Qxf2 Ne7 27. Ng2 Nd5 28. a3 Bh6
29. Nd6 f4 30. Qd4 Qxd4+ 31. Rxd4 Ne3 32. Nxe3 fxe3 33. Rxe4 Rf3 34. Kg2 Raf8
35. Re8 Rxe8 36. Kxf3 Re7 37. Ke2 Bg7 38. Rc4 Be5 39. Rg4 Bxd6 40. cxd6 Rd7 41.
Rd4 Kf7 42. Kxe3 Ke6 43. Kf4 h6 44. h4 Rf7+ 45. Kg4 Kd7 46. a4 Rf5 47. Rd3
1/2-1/2

[Event "Europa ch Femenino 2013"]
[Site "Belgrado SER"]
[Date "2013.07.29"]
[Round "7.34"]
[White "Pavlidou, Ekaterini"]
[Black "Cosma, Elena-Luminita"]
[Result "1/2-1/2"]
[WhiteElo "2210"]
[BlackElo "2329"]
[PlyCount "93"]
[EventDate "2013.07.23"]
[EventType "swiss"]
[EventRounds "11"]
[EventCountry "SER"]
[Source "lmi"]
[SourceDate "2013.07.22"]

1. d4 d5 2. c4 e6 3. Nc3 Nf6 4. Bg5 Be7 5. e3 h6 6. Bh4 O-O 7. Nf3 Ne4 8. Bxe7
Qxe7 9. Qc2 Nxc3 10. Qxc3 dxc4 11. Qxc4 b6 12. Rc1 c5 13. dxc5 Ba6 14. Qh4 Qxh4
15. Nxh4 Rc8 16. b4 Bxf1 17. Rxf1 bxc5 18. bxc5 Na6 19. Ke2 Nxc5 20. Rc2 Ne4
21. Rfc1 Rcb8 22. Nf3 Rb7 23. Ne5 f6 24. Rc8+ Rxc8 25. Rxc8+ Kh7 26. Nd3 e5 27.
f3 Nd6 28. Rc6 Nf5 29. g3 Kg8 30. Kd2 Kf8 31. a4 Rd7 32. Ke2 Rb7 33. Kd2 Rd7
34. Ke2 Rb7 35. Nc5 Rb2+ 36. Kd3 Rxh2 37. Rc7 Ne7 38. Rxa7 h5 39. a5 g5 40. a6
Ra2 41. Kc4 h4 42. gxh4 gxh4 43. Kb3 Ra5 44. Kb4 Ra2 45. Kb3 Ra5 46. Kb4 Ra2
47. Kb3 1/2-1/2

[Event "Europa ch Femenino 2013"]
[Site "Belgrado SER"]
[Date "2013.07.29"]
[Round "7.36"]
[White "Kosintseva, Tatiana"]
[Black "Sandu, Mihaela"]
[Result "1-0"]
[WhiteElo "2528"]
[BlackElo "2237"]
[PlyCount "63"]
[EventDate "2013.07.23"]
[EventType "swiss"]
[EventRounds "11"]
[EventCountry "SER"]
[Source "lmi"]
[SourceDate "2013.07.22"]

1. e4 c5 2. Nf3 d6 3. d4 cxd4 4. Nxd4 Nf6 5. Nc3 a6 6. Be3 e6 7. g4 e5 8. Nf5
h5 9. g5 Nxe4 10. Nxg7+ Bxg7 11. Nxe4 d5 12. Ng3 d4 13. Bd2 Nc6 14. Bd3 Bg4 15.
f3 Be6 16. O-O Qc7 17. Qe2 O-O-O 18. b4 f5 19. Nxf5 Bf8 20. Rab1 Qf7 21. Ng3
Bxa2 22. Rb2 Bd5 23. b5 axb5 24. Rxb5 Kc7 25. f4 Bg7 26. Ne4 b6 27. f5 Qe8 28.
Rfb1 Qg8 29. Rxb6 Ra8 30. Rb7+ Kd8 31. h4 Rh7 32. g6 1-0

[Event "Europa ch Femenino 2013"]
[Site "Belgrado SER"]
[Date "2013.07.29"]
[Round "7.37"]
[White "Matnadze, Ana"]
[Black "Eric, Jovana"]
[Result "1-0"]
[WhiteElo "2412"]
[BlackElo "2223"]
[PlyCount "81"]
[EventDate "2013.07.23"]
[EventType "swiss"]
[EventRounds "11"]
[EventCountry "SER"]
[Source "lmi"]
[SourceDate "2013.07.22"]

1. d4 d5 2. g3 c6 3. Bg2 Bf5 4. Nf3 Nf6 5. O-O e6 6. b3 Nbd7 7. Bb2 Be7 8. c4
O-O 9. Nh4 Be4 10. Nd2 Bxg2 11. Kxg2 a5 12. a4 Ne4 13. Nhf3 f5 14. Qc2 Ndf6 15.
Rad1 Qe8 16. Ne5 Qh5 17. f3 Ng5 18. h4 Nf7 19. Rh1 Bd6 20. Nf1 Rfd8 21. g4 Qh6
22. g5 Nxg5 23. Bc1 Bxe5 24. hxg5 Qg6 25. dxe5 Nd7 26. Bf4 h6 27. Kf2 hxg5 28.
Rg1 Qh5 29. Bxg5 Rdc8 30. Qc3 b5 31. Rd4 Qf7 32. Rh4 b4 33. Qe3 dxc4 34. Bh6 g6
35. Rxc4 c5 36. Rh4 c4 37. bxc4 Rc5 38. Bf4 Rxc4 39. Rgh1 Qg7 40. Qd3 Rc7 41.
Qd6 1-0

[Event "Europa ch Femenino 2013"]
[Site "Belgrado SER"]
[Date "2013.07.29"]
[Round "7.38"]
[White "Baraeva, Marina"]
[Black "Foisor, Cristina-Adela"]
[Result "1/2-1/2"]
[WhiteElo "2185"]
[BlackElo "2387"]
[PlyCount "84"]
[EventDate "2013.07.23"]
[EventType "swiss"]
[EventRounds "11"]
[EventCountry "SER"]
[Source "lmi"]
[SourceDate "2013.07.22"]

1. d4 g6 2. c4 Bg7 3. Nf3 d6 4. Nc3 e5 5. e4 Nc6 6. Be3 exd4 7. Nxd4 Nge7 8.
Be2 O-O 9. O-O f5 10. Qd2 Nxd4 11. Bxd4 Bxd4 12. Qxd4 Nc6 13. Qd5+ Kg7 14. Rad1
Qf6 15. Qd2 Be6 16. Nd5 Qf7 17. exf5 Bxf5 18. f4 Rae8 19. Bf3 h5 20. Rde1 Kh6
21. Ne3 Qf6 22. Nxf5+ Qxf5 23. Bd5 Rxe1 24. Qxe1 Qf6 25. Bxc6 bxc6 26. Qf2 c5
27. g3 Re8 28. b3 Qd4 29. Kg2 Re3 30. Qc2 Rd3 31. Rf2 Qe4+ 32. Kg1 h4 33. gxh4
Qd4 34. Qe2 Re3 35. Qg4 Qe4 36. Rf1 Re2 37. Qg5+ Kh7 38. f5 Qd4+ 39. Kh1 Qe4+
40. Kg1 Qd4+ 41. Kh1 Qe4+ 42. Kg1 Qd4+ 1/2-1/2

[Event "Europa ch Femenino 2013"]
[Site "Belgrado SER"]
[Date "2013.07.29"]
[Round "7.39"]
[White "Melamed, Tatjana"]
[Black "Isgandarova, Khayala"]
[Result "1-0"]
[WhiteElo "2384"]
[BlackElo "2219"]
[PlyCount "61"]
[EventDate "2013.07.23"]
[EventType "swiss"]
[EventRounds "11"]
[EventCountry "SER"]
[Source "lmi"]
[SourceDate "2013.07.22"]

1. e4 e6 2. d4 d5 3. Nd2 Nf6 4. e5 Nfd7 5. Bd3 c5 6. c3 Nc6 7. Ne2 cxd4 8. cxd4
Qb6 9. Nf3 f6 10. exf6 Nxf6 11. O-O Bd6 12. b3 O-O 13. Bb2 Bd7 14. Rc1 Nb4 15.
Bb1 Bb5 16. Re1 Qa6 17. Ng3 Bf4 18. a4 Bd7 19. Rc3 Rac8 20. Ne5 Qd6 21. Nh5 Bh6
22. Nxf6+ Rxf6 23. Rxc8+ Bxc8 24. Ng4 Rf7 25. Nxh6+ gxh6 26. Bc1 Qf8 27. Qh5
Nc6 28. Bxh6 Qe7 29. Re3 Bd7 30. Rg3+ Kh8 31. Qg4 1-0

[Event "Europa ch Femenino 2013"]
[Site "Belgrado SER"]
[Date "2013.07.29"]
[Round "7.40"]
[White "Hairapetian, Anna"]
[Black "Vojinovic, Jovana"]
[Result "1-0"]
[WhiteElo "2214"]
[BlackElo "2376"]
[PlyCount "89"]
[EventDate "2013.07.23"]
[EventType "swiss"]
[EventRounds "11"]
[EventCountry "SER"]
[Source "lmi"]
[SourceDate "2013.07.22"]

1. e4 e6 2. d4 d5 3. Nc3 Nf6 4. e5 Nfd7 5. f4 c5 6. Nf3 Nc6 7. Be3 Rb8 8. Qd2
Qa5 9. Ne2 b6 10. c3 c4 11. g4 h5 12. gxh5 b5 13. Bh3 b4 14. O-O bxc3 15. bxc3
Ne7 16. Ng3 Nb6 17. Rab1 Nf5 18. Bxf5 exf5 19. Qc2 Rb7 20. Nxf5 Qa4 21. Qxa4+
Nxa4 22. Rxb7 Bxb7 23. Bd2 Bc8 24. Ne3 Nb6 25. Rb1 Bd7 26. a4 Bc6 27. a5 Nd7
28. f5 Rxh5 29. e6 fxe6 30. fxe6 Nf6 31. Rb8+ Ke7 32. Ne5 Be8 33. Rb7+ Kxe6 34.
Rxa7 Rg5+ 35. Ng2 Rxe5 36. Ra6+ Kf5 37. dxe5 Bc5+ 38. Be3 Bxe3+ 39. Nxe3+ Kxe5
40. Rb6 Ba4 41. a6 Nd7 42. Rg6 Nf6 43. Rxg7 Nd7 44. Rg6 Nf6 45. Ng4+ 1-0

[Event "Europa ch Femenino 2013"]
[Site "Belgrado SER"]
[Date "2013.07.29"]
[Round "7.41"]
[White "Rogule, Laura"]
[Black "Kazimova, Narmin"]
[Result "0-1"]
[WhiteElo "2329"]
[BlackElo "2208"]
[PlyCount "60"]
[EventDate "2013.07.23"]
[EventType "swiss"]
[EventRounds "11"]
[EventCountry "SER"]
[Source "lmi"]
[SourceDate "2013.07.22"]

1. c4 e5 2. g3 Nc6 3. Bg2 d6 4. Nc3 g6 5. e3 Bg7 6. Nge2 Nge7 7. O-O O-O 8. Rb1
a5 9. b3 Be6 10. d4 exd4 11. Nxd4 Nxd4 12. exd4 Rb8 13. Re1 Nf5 14. Ne2 d5 15.
c5 b6 16. Bb2 g5 17. Qd2 h6 18. Rbc1 Qd7 19. Ba3 Rbe8 20. c6 Qd8 21. Nc3 Nxd4
22. Rcd1 Qf6 23. Nxd5 Bxd5 24. Bxd5 Rd8 25. Be7 Rxd5 26. Bxf6 Nf3+ 27. Kg2 Rxd2
28. Kxf3 Rxd1 29. Rxd1 Bxf6 30. Rd7 Rc8 0-1

[Event "Europa ch Femenino 2013"]
[Site "Belgrado SER"]
[Date "2013.07.29"]
[Round "7.42"]
[White "Mikadze, Miranda"]
[Black "Shulakova, Svetlana"]
[Result "1-0"]
[WhiteElo "2314"]
[BlackElo "2194"]
[PlyCount "91"]
[EventDate "2013.07.23"]
[EventType "swiss"]
[EventRounds "11"]
[EventCountry "SER"]
[Source "lmi"]
[SourceDate "2013.07.22"]

1. e4 c5 2. Nf3 d6 3. Bc4 Nf6 4. Qe2 Nc6 5. c3 e6 6. Bb3 Be7 7. O-O d5 8. e5
Nd7 9. d4 c4 10. Bc2 b5 11. Rd1 O-O 12. Nbd2 b4 13. Nf1 h6 14. Ng3 bxc3 15.
bxc3 Qa5 16. Qe3 f5 17. exf6 Nxf6 18. Bg6 Bd7 19. Qd2 Rab8 20. Re1 Bd6 21. h3
Ne7 22. Bc2 Nf5 23. Ne5 Nxg3 24. fxg3 Ba4 25. Bg6 Nd7 26. Ng4 Bxg3 27. Rxe6 Bf4
28. Qe1 Qc7 29. Rb1 Rxb1 30. Bxb1 Bxc1 31. Qxc1 Qf4 32. Qxf4 Rxf4 33. Ra6 Bb5
34. Rxa7 h5 35. Ne3 Nb6 36. Bc2 Rf7 37. Ra5 Bc6 38. Ra6 Rb7 39. a4 Bd7 40. a5
Na4 41. Nxd5 Bb5 42. Ra8+ Kf7 43. a6 Rd7 44. Bxa4 Rxd5 45. a7 Bxa4 46. Rf8+ 1-0

[Event "Europa ch Femenino 2013"]
[Site "Belgrado SER"]
[Date "2013.07.29"]
[Round "7.43"]
[White "Nikoladze, Sopio"]
[Black "Tarasova, Viktoriya"]
[Result "0-1"]
[WhiteElo "2163"]
[BlackElo "2300"]
[PlyCount "50"]
[EventDate "2013.07.23"]
[EventType "swiss"]
[EventRounds "11"]
[EventCountry "SER"]
[Source "lmi"]
[SourceDate "2013.07.22"]

1. Nf3 Nf6 2. g3 d5 3. Bg2 Bg4 4. b3 e6 5. Bb2 Bd6 6. O-O O-O 7. c4 c6 8. d4
Nbd7 9. Ne5 Bf5 10. f4 h6 11. Nc3 Bb4 12. e3 Nxe5 13. fxe5 Bxc3 14. Bxc3 Ne4
15. Be1 f6 16. Bb4 Rf7 17. Rxf5 exf5 18. g4 Qd7 19. Bxe4 fxe4 20. cxd5 cxd5 21.
Bd6 Rc8 22. h3 f5 23. g5 hxg5 24. Qh5 f4 25. h4 gxh4 0-1

[Event "Europa ch Femenino 2013"]
[Site "Belgrado SER"]
[Date "2013.07.29"]
[Round "7.44"]
[White "Azimova, Karina"]
[Black "Zakurdjaeva, Irina"]
[Result "1-0"]
[WhiteElo "2037"]
[BlackElo "2291"]
[PlyCount "67"]
[EventDate "2013.07.23"]
[EventType "swiss"]
[EventRounds "11"]
[EventCountry "SER"]
[Source "lmi"]
[SourceDate "2013.07.22"]

1. e4 c5 2. Nf3 d6 3. d4 cxd4 4. Nxd4 Nf6 5. Nc3 g6 6. Be2 Bg7 7. Be3 Nc6 8.
Nb3 O-O 9. f4 Be6 10. g4 Na5 11. g5 Nd7 12. Bd4 Bxd4 13. Qxd4 Nc6 14. Qd2 Bxb3
15. axb3 Nc5 16. h4 f5 17. Bc4+ e6 18. h5 Qe7 19. hxg6 hxg6 20. Qh2 Qg7 21.
O-O-O Rfd8 22. exf5 gxf5 23. Bxe6+ Nxe6 24. Nd5 Kf7 25. Qh5+ Kf8 26. g6 Ne7 27.
Nxe7 Kxe7 28. Qxf5 Rh8 29. Rhe1 Qf6 30. Qd5 Rad8 31. f5 Kf8 32. Rxe6 Qg5+ 33.
Kb1 Rh5 34. Qxb7 1-0

[Event "Europa ch Femenino 2013"]
[Site "Belgrado SER"]
[Date "2013.07.29"]
[Round "7.45"]
[White "Vrabic, Anita"]
[Black "Papp, Petra"]
[Result "0-1"]
[WhiteElo "2112"]
[BlackElo "2276"]
[PlyCount "108"]
[EventDate "2013.07.23"]
[EventType "swiss"]
[EventRounds "11"]
[EventCountry "SER"]
[Source "lmi"]
[SourceDate "2013.07.22"]

1. e4 c5 2. Nf3 d6 3. d4 cxd4 4. Nxd4 Nf6 5. Nc3 a6 6. Bg5 e6 7. f4 h6 8. Bh4
Qb6 9. Qd2 Qxb2 10. Rb1 Qa3 11. Bf2 Qa5 12. Be2 Nbd7 13. O-O Be7 14. Be3 Qc7
15. g4 Nh7 16. h4 g5 17. hxg5 hxg5 18. f5 Ne5 19. fxe6 fxe6 20. Nf5 exf5 21.
Nd5 Qc6 22. Rb6 Qd7 23. Rxf5 Qd8 24. Rf1 Nf7 25. Qc3 O-O 26. Bd4 Be6 27. Nc7
Rc8 28. Nxe6 Rxc3 29. Nxd8 Bxd8 30. Rxb7 Rxc2 31. Bxa6 Ne5 32. Bxe5 Rxf1+ 33.
Bxf1 dxe5 34. Rb8 Rd2 35. Bc4+ Kg7 36. Bd5 Bc7 37. Rg8+ Kf6 38. Rh8 Bb6+ 39.
Kh1 Kg7 40. Rg8+ Kh6 41. Bf7 Rd6 42. a4 Rf6 43. Bd5 Rf8 44. Rxf8 Nxf8 45. Kg2
Nd7 46. Kf3 Kg7 47. Bc6 Nf6 48. Bb7 Kf7 49. Bc8 Ke7 50. Bf5 Kd6 51. Bc8 Kc5 52.
Bb7 Kd4 53. Bc6 Ba5 54. Bb7 Nd7 0-1

[Event "Europa ch Femenino 2013"]
[Site "Belgrado SER"]
[Date "2013.07.29"]
[Round "7.46"]
[White "Mamedjarova, Turkan"]
[Black "Gavasheli, Ana"]
[Result "1-0"]
[WhiteElo "2267"]
[BlackElo "2170"]
[PlyCount "46"]
[EventDate "2013.07.23"]
[EventType "swiss"]
[EventRounds "11"]
[EventCountry "SER"]
[Source "lmi"]
[SourceDate "2013.07.22"]

1. f4 d5 2. Nf3 g6 3. e3 Bg7 4. Be2 c5 5. O-O Nc6 6. d4 Nf6 7. c3 O-O 8. Re1 b6
9. Nbd2 Qc7 10. Bd3 cxd4 11. exd4 Qxf4 12. Ne5 Nxe5 13. dxe5 Ne8 14. Nf3 Qg4
15. Bb5 Nc7 16. Bc6 Rb8 17. Bg5 Qc4 18. Ba4 f6 19. exf6 exf6 20. Be3 Qg4 21.
Bf2 Bb7 22. Re7 Rf7 23. Rxf7 Kxf7 1-0

[Event "Europa ch Femenino 2013"]
[Site "Belgrado SER"]
[Date "2013.07.29"]
[Round "7.47"]
[White "Umudova, Nargiz"]
[Black "Vega Gutierrez, Belinda"]
[Result "1/2-1/2"]
[WhiteElo "2253"]
[BlackElo "2148"]
[PlyCount "88"]
[EventDate "2013.07.23"]
[EventType "swiss"]
[EventRounds "11"]
[EventCountry "SER"]
[Source "lmi"]
[SourceDate "2013.07.22"]

1. e4 e5 2. Nf3 Nc6 3. Bb5 Nf6 4. O-O Be7 5. Re1 d6 6. c3 O-O 7. h3 Bd7 8. d4
Nxd4 9. Nxd4 exd4 10. Bxd7 Qxd7 11. Qxd4 Qc6 12. Bg5 Qb5 13. Bxf6 Bxf6 14. Qd2
Rfe8 15. Na3 Qc6 16. Qd3 Re7 17. Re2 Rae8 18. Rae1 g6 19. Nc2 Qd7 20. Kf1 Bg7
21. Nb4 c6 22. Nc2 Qe6 23. a3 Qe5 24. g3 Qe6 25. Kg2 Qb3 26. Na1 Qe6 27. Nc2
Qd7 28. Kh2 Re5 29. Kg2 d5 30. exd5 Rxe2 31. Rxe2 Rxe2 32. Qxe2 Qxd5+ 33. Kh2
Bf6 34. Ne1 Kg7 35. Nf3 Qa2 36. Qd2 a5 37. h4 Qe6 38. Ng5 Qf5 39. Kg2 h6 40.
Nf3 a4 41. Ne1 Qb5 42. Kg1 Qb3 43. Nd3 Qd5 44. Qe3 b5 1/2-1/2

[Event "Europa ch Femenino 2013"]
[Site "Belgrado SER"]
[Date "2013.07.29"]
[Round "7.48"]
[White "Styazhkina, Anna"]
[Black "Coimbra, Margarida"]
[Result "1-0"]
[WhiteElo "2242"]
[BlackElo "2093"]
[PlyCount "111"]
[EventDate "2013.07.23"]
[EventType "swiss"]
[EventRounds "11"]
[EventCountry "SER"]
[Source "lmi"]
[SourceDate "2013.07.22"]

1. e4 e5 2. Nf3 Nc6 3. Bb5 a6 4. Ba4 Nf6 5. d3 b5 6. Bb3 Bc5 7. a4 b4 8. O-O d6
9. a5 h6 10. h3 O-O 11. Re1 Be6 12. Nbd2 Nd4 13. c3 bxc3 14. bxc3 Nxb3 15. Nxb3
Ba7 16. d4 c6 17. Ba3 Re8 18. Nbd2 Qc7 19. Qe2 c5 20. d5 Bd7 21. Qxa6 Bc8 22.
Qc6 Qxc6 23. dxc6 Ba6 24. c4 Rec8 25. Nh4 g6 26. Bb2 Nh5 27. g3 Rxc6 28. Ng2
Ng7 29. Ne3 Ne6 30. Nd5 Kg7 31. Reb1 Rb8 32. Bc3 Rcc8 33. f4 f6 34. f5 Nd4 35.
fxg6 Rxb1+ 36. Rxb1 Ne2+ 37. Kf2 Nxc3 38. Nxc3 Kxg6 39. g4 h5 40. Nd5 Kf7 41.
Kg3 Rg8 42. Rf1 Rg6 43. Kh4 hxg4 44. hxg4 Bb7 45. Rf3 Bxd5 46. exd5 Rh6+ 47.
Kg3 Rh1 48. Rb3 Kg6 49. Rb7 Rh7 50. Rxh7 Kxh7 51. Ne4 Bb8 52. Nxf6+ Kg6 53. Nd7
Ba7 54. Nb6 Kg5 55. Nc8 Bb8 56. a6 1-0

[Event "Europa ch Femenino 2013"]
[Site "Belgrado SER"]
[Date "2013.07.29"]
[Round "7.49"]
[White "Abdulla, Khayala"]
[Black "Gueci, Tea"]
[Result "1/2-1/2"]
[WhiteElo "2241"]
[BlackElo "2018"]
[PlyCount "154"]
[EventDate "2013.07.23"]
[EventType "swiss"]
[EventRounds "11"]
[EventCountry "SER"]
[Source "lmi"]
[SourceDate "2013.07.22"]

1. e4 g6 2. d4 Bg7 3. Nc3 d6 4. f4 Nf6 5. Nf3 O-O 6. Be3 Nbd7 7. Qe2 c5 8.
O-O-O Qa5 9. Kb1 a6 10. e5 Ng4 11. Nd5 Nxe3 12. Nxe7+ Kh8 13. Qxe3 cxd4 14.
Rxd4 dxe5 15. fxe5 Nxe5 16. Rd5 Ng4 17. Qb3 Qc7 18. Nxc8 Raxc8 19. Bd3 Rfe8 20.
Ng5 h6 21. Ne4 Re5 22. Nd6 Rxd5 23. Qxd5 Rf8 24. Re1 Qb6 25. Nc4 Qb4 26. Re2
Nf6 27. Qd6 Qb5 28. Re5 Ne8 29. Qe7 Qc6 30. Re2 b5 31. Ne5 Qd5 32. Qd7 Nf6 33.
Qxd5 Nxd5 34. g3 Nb4 35. Nd7 Rd8 36. Nc5 Bf8 37. Nb3 Nxd3 38. Rd2 Bb4 39. Rd1
Re8 40. cxd3 Re2 41. a3 Bd6 42. Rd2 Rxd2 43. Nxd2 f5 44. Kc2 Kg7 45. d4 Kf6 46.
Kd3 Ke6 47. Nf1 g5 48. Ke3 Kd5 49. Kd3 f4 50. g4 a5 51. Nd2 a4 52. Ne4 f3 53.
Nc3+ Kc6 54. Ke3 Bf4+ 55. Kxf3 Bc1 56. d5+ Kc5 57. d6 Kxd6 58. Nxb5+ Ke5 59.
Nc3 Bxb2 60. Nxa4 Bxa3 61. Nc3 Be7 62. Ne2 Bc5 63. Ng3 Bg1 64. h3 Bc5 65. Ne4
Bb4 66. Ke3 Ba3 67. Ng3 Bc5+ 68. Kf3 Bb4 69. Nf1 Kd4 70. Ne3 Ke5 71. Nd1 Ba3
72. Nf2 Be7 73. Ne4 Ba3 74. Ng3 Bc5 75. Nh5 Bf8 76. Kg3 Ke6 77. Kf3 Ke5 1/2-1/2

[Event "Europa ch Femenino 2013"]
[Site "Belgrado SER"]
[Date "2013.07.29"]
[Round "7.50"]
[White "Balaian, Alina"]
[Black "Egorova, Ayyyna"]
[Result "1-0"]
[WhiteElo "2237"]
[BlackElo "1991"]
[PlyCount "57"]
[EventDate "2013.07.23"]
[EventType "swiss"]
[EventRounds "11"]
[EventCountry "SER"]
[Source "lmi"]
[SourceDate "2013.07.22"]

1. e4 Nf6 2. e5 Nd5 3. d4 d6 4. Nf3 Bg4 5. Be2 c6 6. Ng5 Bf5 7. e6 fxe6 8. g4
Bg6 9. Bd3 Bxd3 10. Qxd3 Nf6 11. Nxe6 Qd7 12. Qe2 Na6 13. f4 Nc7 14. f5 Nxe6
15. fxe6 Qc7 16. g5 Qa5+ 17. Bd2 Qd5 18. Rf1 Ne4 19. Nc3 Nxc3 20. bxc3 O-O-O
21. Rf3 c5 22. dxc5 dxc5 23. Bf4 Qc6 24. Qe5 Rd6 25. Kf2 Rg8 26. Qf5 Rd5 27.
Qxh7 Qxe6 28. Re1 Qf7 29. Bc1 1-0

[Event "Europa ch Femenino 2013"]
[Site "Belgrado SER"]
[Date "2013.07.29"]
[Round "7.51"]
[White "Kaps, Darja"]
[Black "Martynkova, Olena"]
[Result "0-1"]
[WhiteElo "2235"]
[BlackElo "1851"]
[PlyCount "84"]
[EventDate "2013.07.23"]
[EventType "swiss"]
[EventRounds "11"]
[EventCountry "SER"]
[Source "lmi"]
[SourceDate "2013.07.22"]

1. f4 d5 2. Nf3 Nf6 3. g3 g6 4. Bg2 Bg7 5. O-O O-O 6. d3 c5 7. c3 b6 8. Na3 Bb7
9. Bd2 Nc6 10. Qe1 d4 11. Ne5 Qc8 12. Bxc6 dxc3 13. bxc3 Bxc6 14. Nxc6 Qxc6 15.
Nc4 Nd7 16. a4 a6 17. e4 b5 18. axb5 axb5 19. Rxa8 Rxa8 20. Ne3 Nb6 21. Qb1 Rd8
22. Rd1 Na4 23. Qc2 Qd7 24. Be1 Qa7 25. Kg2 Qa5 26. e5 Qa8+ 27. Kf2 Nb6 28. Qb3
Nd5 29. Qxb5 Qa2+ 30. Rd2 Qa1 31. Nxd5 Rxd5 32. c4 Rd8 33. Qxc5 Rb8 34. Ke2 Rb1
35. Bf2 Rh1 36. Qc8+ Bf8 37. Qh3 e6 38. c5 Bxc5 39. Qg2 Bb4 40. h4 Bxd2 41.
Kxd2 Qb2+ 42. Ke3 Re1+ 0-1

[Event "Europa ch Femenino 2013"]
[Site "Belgrado SER"]
[Date "2013.07.29"]
[Round "7.52"]
[White "Golubeva, Oksana"]
[Black "Manakova, Maria"]
[Result "1/2-1/2"]
[WhiteElo "2149"]
[BlackElo "2351"]
[PlyCount "132"]
[EventDate "2013.07.23"]
[EventType "swiss"]
[EventRounds "11"]
[EventCountry "SER"]
[Source "lmi"]
[SourceDate "2013.07.22"]

1. c4 e5 2. e4 Bc5 3. d3 Ne7 4. Nf3 Nbc6 5. Be3 d6 6. Nc3 O-O 7. Qd2 a6 8. Be2
Nd4 9. Bxd4 Bxd4 10. Nxd4 exd4 11. Nd5 Ng6 12. O-O c6 13. Nb4 f5 14. exf5 Bxf5
15. Nc2 Qf6 16. Rae1 Nh4 17. f4 Bd7 18. Rf2 Rae8 19. Qb4 Re7 20. Qxb7 Rfe8 21.
Qb4 c5 22. Qd2 Bc6 23. Bh5 g6 24. Rxe7 Rxe7 25. Bg4 d5 26. cxd5 Bxd5 27. Qa5
Qd6 28. Qd2 Bxa2 29. f5 gxf5 30. Bxf5 Nxf5 31. Rxf5 Kg7 32. Qf2 Bd5 33. Ne1 Rf7
34. Rg5+ Kf8 35. Rf5 Be6 36. Rxf7+ Bxf7 37. Nf3 Qf4 38. g3 Qc1+ 39. Kg2 Bd5 40.
Kh3 Be6+ 41. Kg2 Bd5 42. Kh3 Kg8 43. Nh4 Qe3 44. Qxe3 dxe3 45. Ng2 e2 46. Ne1
c4 47. dxc4 Bxc4 48. Kg4 Kf7 49. Kf5 Ke7 50. Ke5 Bb5 51. Ke4 Ke6 52. g4 Kd6 53.
b4 Bd7 54. h3 Ke6 55. Nd3 Bb5 56. Ne1 Kd6 57. Kd4 Bc6 58. Ke3 Kd5 59. Kxe2 Kc4
60. Nd3 Kc3 61. Ne5 Bb5+ 62. Kd1 Kxb4 63. Kc2 Be8 64. g5 Kc5 65. Ng4 Kd4 66.
Nf6 Bg6+ 1/2-1/2

[Event "Europa ch Femenino 2013"]
[Site "Belgrado SER"]
[Date "2013.07.29"]
[Round "7.53"]
[White "Mamedjarova, Zeinab"]
[Black "Batyte, Daiva"]
[Result "1-0"]
[WhiteElo "2256"]
[BlackElo "2161"]
[PlyCount "43"]
[EventDate "2013.07.23"]
[EventType "swiss"]
[EventRounds "11"]
[EventCountry "SER"]
[Source "lmi"]
[SourceDate "2013.07.22"]

1. d4 Nf6 2. Nf3 d5 3. e3 g6 4. Bd3 Bg7 5. Nbd2 Nbd7 6. b3 c5 7. Bb2 b6 8. Ne5
Bb7 9. h4 Nxe5 10. dxe5 Nd7 11. f4 h5 12. Nf3 e6 13. Qe2 a6 14. a4 Qc7 15. Ng5
Nf8 16. O-O a5 17. Bb5+ Bc6 18. e4 O-O-O 19. Bxc6 Qxc6 20. Nxf7 dxe4 21. Qa6+
Kc7 22. Qa7+ 1-0